Vista normal Vista MARC

Entrada Topical Term

Número de registros utilizados en: 1

001 - CONTROL NUMBER

  • control field: 69496

003 - CONTROL NUMBER IDENTIFIER

  • control field: OSt

005 - DATE AND TIME OF LATEST TRANSACTION

  • control field: 20260317212933.0

008 - FIXED-LENGTH DATA ELEMENTS

  • fixed length control field: 260317|| aca||aabn | a|a d

040 ## - CATALOGING SOURCE

  • Original cataloging agency: OSt
  • Transcribing agency: OSt

150 ## - HEADING--TOPICAL TERM

  • Topical term or geographic name entry element: Océano en la literatura

670 ## - SOURCE DATA FOUND

  • Source citation: Work cat.: (OSt)60750: Lee, Suzy, 1974- , aut ill 63757, La ola /









Instituto Departamental de Cultura del Meta - Red Departamental de Bibliotecas Públicas del Meta.